| 000 | 00706nam a22002177a 4500 | ||
|---|---|---|---|
| 003 | OSt | ||
| 005 | 20260515053112.0 | ||
| 008 | 260506b |||||||| |||| 00| 0 eng d | ||
| 020 | _a971-07-2332-4 | ||
| 040 |
_aDWCL-Main Lib _cOC |
||
| 082 | _aFil. 909 W927 2007 | ||
| 100 |
_aMateo, Grace Estela C. _d...[ET.AL] |
||
| 245 |
_aWorld civilization III : _b history and culture / _c Grace Estela C. Mateo |
||
| 260 |
_aManila : _bVibal Pub., _cc2007. |
||
| 300 |
_av , 396 p. : _b ill. ; _c26 cm. |
||
| 490 | _aCulture, history, and progress | ||
| 504 | _aIncludes bibliographical references and index. | ||
| 650 | _aWorld - history. | ||
| 650 | _aWorld civilization. | ||
| 942 |
_2ddc _cBK-FIL _mFil. _n0 |
||
| 999 |
_c10284 _d10284 |
||